000
00326nam a2200169Ia 4500
100
_a
Sing Li
650
_a
Computers
942
_c
RB
366
_f
20
654
_a
jini
245
_a
Professional Jini
260
_b
SPD/Wrox
_c
2001
082
_a
005.133J/SIN
_b
SIN
300
_a
886
546
_a
ENGLISH
999
_c
33152
_d
33152